Sports Quiz

Random Sports or WWE Quiz

WWE The Kliq at Wrestlemania Quiz Stats

 Plays Quiz not verified by Sporcle

Score 0/58 Timer 10:00
0 Plays Today
Member Opponent % Correct
Triple HShawn Michaels
97.2%
Scott Hall (aka Razor Ramon)Shawn Michaels
97.2%
Kevin Nash (aka Diesel)Shawn Michaels
97.2%
Shawn MichaelsThe Undertaker
96.9%
Shawn MichaelsThe Undertaker
96.9%
Triple HThe Undertaker
96.9%
Triple HThe Undertaker
96.9%
Triple HThe Undertaker
96.9%
Kevin Nash (aka Diesel)The Undertaker
96.9%
Shawn MichaelsTriple H
95.5%
Triple HThe Rock
95.1%
Shawn MichaelsStone Cold Steve Austin
94.4%
Scott Hall (aka Razor Ramon)Stone Cold Steve Austin
94.4%
Shawn MichaelsDiesel
93.8%
Shawn MichaelsBret Hart
93.4%
Shawn MichaelsJohn Cena
93.1%
Triple HJohn Cena
93.1%
Triple HJohn Cena
93.1%
Triple HOwen Hart
92.7%
Triple HRandy Orton
92%
Triple HRandy Orton
92%
Shawn MichaelsChris Jericho
91.3%
Triple HChris Jericho
91.3%
Shawn MichaelsRazor Ramon
91%
Triple HBig Show
90.6%
Shawn MichaelsChris Benoit
90.3%
Triple HMick Foley
90.3%
Triple HChris Benoit
90.3%
Triple HKurt Angle
90.3%
Member Opponent % Correct
Triple HBatista
90%
Triple HRoman Reigns
89.9%
Shawn MichaelsRic Flair
89.6%
Triple HSeth Rollins
88.5%
Shawn MichaelsKurt Angle
87.8%
Triple HKane
87.2%
Sean Waltman (aka X-Pac)Kane
87.2%
Triple HBatista
86.8%
Triple HDaniel Bryan
85.8%
Shawn MichaelsVince McMahon
85.1%
Triple HThe Ultimate Warrior
84.7%
Triple HBrock Lesnar
84.7%
Sean Waltman (aka X-Pac)Shane McMahon
84.4%
Triple HRonda Rousey
83.3%
Triple HSting
82.3%
Triple HBooker T
78.1%
Triple HGoldust
76.7%
Triple HSheamus
69.8%
Shawn MichaelsTatanka
68.4%
Shawn MichaelsBig Boss Man
64.2%
Shawn MichaelsTito Santana
62.2%
Shawn MichaelsAkeem
59.4%
Sean Waltman (aka X-Pac)Rikishi
56.9%
Scott Hall (aka Razor Ramon)Jeff Jarrett
56.6%
Scott Hall (aka Razor Ramon)Bob Backlund
55.2%
Shawn MichaelsHaku
53.1%
Shawn MichaelsPat Tanaka
51.4%
Shawn MichaelsThe Barbarian
49%
Shawn MichaelsSato
48.3%

You're not logged in!

Compare scores with friends on all Sporcle quizzes.
OR
Log In

Sporcle TV

Today on Sporcle TV


Watch our educational content, quiz creation guides, and fun videos on Sporcle TV.

Show Comments

Extras

Top Quizzes Today


Score Distribution

Your Account Isn't Verified!

In order to create a playlist on Sporcle, you need to verify the email address you used during registration. Go to your Sporcle Settings to finish the process.

Report this User

Report this user for behavior that violates our Community Guidelines.

Details: